Finančno-ekonomická analýza vo vybranom podniku bakalárska práca

Enregistré dans:
Détails bibliographiques
Auteur principal: Irhová, Simona
Collectivité auteur: Podnikovohospodárska fakulta EU so sídlom v Košiciach. Katedra kvantitatívnych metód
Autres auteurs: Hudák, Matej, 1984-
Format: Livre
Langue:slovaque
Publié: Košice 2023
Tags: Ajouter un tag
Pas de tags, Soyez le premier à ajouter un tag!

MARC

LEADER 00000nbm a2200000 4500
001 0294424
005 20240711105213.8
041 0 |a slo 
044 |a SK 
245 1 0 |a Finančno-ekonomická analýza vo vybranom podniku  |b bakalárska práca  |c Simona Irhová ; školiteľ: Matej Hudák 
264 1 |a Košice  |c 2023 
300 |a 49 s. 
100 1 |a Irhová, Simona 
700 1 |a Hudák, Matej, 1984- 
710 2 |a Podnikovohospodárska fakulta EU so sídlom v Košiciach. Katedra kvantitatívnych metód